LDR 00959nam a2200253 i 4500 001 000000152033 003 CaOOAMICUS 005 20260427170033.0 008 060720s1972 it u000 u ita u 040 $aSeMil$bita 100 1 $aDebenedetti, Giacomo <1901-1967>.$0(OLS)http://semarc/name/8393 245 10$aIntermezzo /$cGiacomo Debenedetti. 264 1$aMilano :$bIl Saggiatore,$c1972. 300 $a285 p. ;$c18 cm. 490 1 $aI gabbiani. N.s ;$v107 650 4$aCritica letteraria - Italia - Sec. 20.$0(OLS)http://semarc/subject/31212 830 2$aI gabbiani. Nuova serie ;$v107.$0(OLS)http://semarc/title/19542 850 $aSeMil 852 $aSeMil$W1$xVenegono$y1$m1O I 6$j271078$B103994$CSeMilBibl$Z2$F113080 $81 941 1 $a1 961 $aOmaggio: Ciprandi dott. Paolo 996 $6245$aIntermezzo$9(OLS)http://semarc/title/222226 996 $6264$aMilano :$bIl Saggiatore$9(OLS)http://semarc/publisher/30255